000 00449nam a2200169Ia 4500
003 GCL
008 140319s9999 xx 000 0 eng d
040 _aGCL /
_cGCL
082 0 4 _a150.195
_bS P
100 1 _aSAMUELS, ANDREW
245 1 0 _aTHE POLITICAL PSYCHE /
_cSAMUELS, ANDREW
260 _a[S.N] :
_bROUTLEDGE ،
_c1993
300 _a380 P
650 0 4 _aPSYCHOANALYSIS - POLITICAL ASPECT
650 0 4 _aPOLITICAL PSYCHOLOGY
942 _2ddc
_cBK
999 _c20702
_d20702